| 000 | 01062nam a22002417a 4500 | ||
|---|---|---|---|
| 003 | BD-DhUL | ||
| 005 | 20211227154756.0 | ||
| 008 | 211223s1995 bg ||||| |||| 000 0 ben | | ||
| 040 |
_aBD-DhUL _cBD-DhUL |
||
| 082 |
_a813 _bOCG |
||
| 100 | 1 | _aও’কোনার, ফ্লেনারি । | |
| 245 | 0 | 0 |
_aগল্প-সমগ্র : _b১ম খণ্ড / _cফ্লেনারি ও’কোনার ; অনুবাদ, শিহাব সরকার ; সম্পাদনা, বশীর আলহেলাল । |
| 250 | _a১ম সং. | ||
| 260 |
_aঢাকা : _bখোশরোজ কিতাব মহল, _c১৯৯৫ । |
||
| 300 |
_aখ. ; _c২২ সেমি. |
||
| 650 | 4 | _a আমেরিকান সাহিত্য | |
| 650 | 4 | _aAmerican literature | |
| 650 | 4 | _aআমেরিকান উপন্যাস | |
| 650 | 4 | _aAmerican fiction | |
| 700 | 1 |
_aসরকার, শিহাব _eঅনু. |
|
| 700 | 1 |
_4আলহেলাল, বশীর _eসম্পা. |
|
| 942 |
_2ddc _cBK |
||
| 999 |
_c255100 _d255100 |
||